| 000 | 00645nam a22002537a 4500 | ||
|---|---|---|---|
| 005 | 20171212132833.0 | ||
| 008 | 171212b xxu||||| |||| 00| 0 spa d | ||
| 041 | _aspa | ||
| 082 | _a917.286 B693c | ||
| 100 |
_aBoll, Klaus _944915 |
||
| 100 |
_aEgelkraut, Ortrun _944916 |
||
| 100 |
_aKirst, Detlev _944917 |
||
| 245 | _aCosta Rica | ||
| 260 | _aCosta Rica | ||
| 260 | _bNelles | ||
| 260 | _c1999 | ||
| 300 | _a256 páginas | ||
| 650 |
_aCOSTA RICA _944918 |
||
| 650 |
_aDESCRIPCIONES Y VIAJES _944919 |
||
| 650 |
_aGUÍAS _9738 |
||
| 650 |
_aGEOGRAFÍA TURÍSTICA _96732 |
||
| 650 |
_aREGIONES DE COSTA RICA _928828 |
||
| 942 | _cBK | ||
| 999 |
_c10097 _d10097 |
||